MARC

LEADER 00000nam0a2200000 4500
001 99911
005 20231031111952.0
020 |a RU  |b 80-50614 
035 |a (RuTPU)RU\TPU\book\107450 
090 |a 99911 
100 |a 20060731d1980 km a0rusy5003 ca 
101 0 |a rus 
102 |a RU 
105 |a y z 000zy 
200 1 |a Новые противокоррозионные материалы в строительстве  |f В. А. Войтович 
210 |a Горький  |c Волго-Вят. кн. изд-во  |d 1980 
215 |a 95 с.  |d 20 см. 
610 1 |a строительство 
610 1 |a противокоррозионные материалы 
610 1 |a металлические конструкции 
610 1 |a защита от коррозии 
610 1 |a лакокрасочные материалы 
610 1 |a окрашивание 
610 1 |a эпоксидные смолы 
610 1 |a надежность 
610 1 |a долговечность 
610 1 |a техника безопасности 
675 |a 691.7:620.197  |z rus 
700 1 |a Войтович  |b В. А.  |g Владимир Антонович  |4 070 
801 0 |a RU  |b RuMRKP  |c 19950704  |g psbo 
801 1 |a RU  |b 63413507  |c 20060731  |g PSBO 
801 2 |a RU  |b 63413507  |c 20070201  |g PSBO 
942 |c BK